| 000 | 00978nam a2200301 a 4500 | ||
|---|---|---|---|
| 001 | 000042288 | ||
| 003 | DO-SdBPM | ||
| 005 | 20260211124747.0 | ||
| 007 | ta | ||
| 008 | 131122s2013 dr r 000 0 spa d | ||
| 020 | _a9789945009163 | ||
| 040 |
_aDO-SdBPM _bspa _cBPMSU _drda |
||
| 082 | 4 |
_a 923.27293 _b D812v 2013 _222 |
|
| 245 | 0 | 0 |
_aVisión del padre de la patria a través de doce poetas dominicanos. / _cselección y prólogo, Mateo Morrison. |
| 250 | _a2a. ed. | ||
| 264 |
_aSanto Domingo, : _bSantuario, _c2013. |
||
| 300 |
_a61 páginas ; _c22 cm. |
||
| 336 |
_atexto _btxt _2rdacontent |
||
| 337 |
_asin mediación _bn _2rdamedia |
||
| 338 |
_avolumen _bnc _2rdacarrier |
||
| 590 | _aInventariado, 2026/VM | ||
| 600 | 1 | 7 |
_aDuarte Juan Pablo _d1813-1876 _xHistoria y critica |
| 650 | 7 | _a Poesía domincana | |
| 650 | 7 | _aPoesía patriótica | |
| 700 | 1 |
_aMorrison, Mateo, _d1947- _eprólogo |
|
| 910 | _aVMateo V. Control de calidad. BPMSU | ||
| 942 |
_2ddc _cBK |
||
| 999 |
_c15681 _d15681 |
||